Office ergonomics / (Record no. 330514)

000 -LEADER
fixed length control field 01227cam a22003014a 4500
001 - CONTROL NUMBER
control field 12252685
003 - CONTROL NUMBER IDENTIFIER
control field NUST
005 - DATE AND TIME OF LATEST TRANSACTION
control field 20170718154513.0
008 - FIXED-LENGTH DATA ELEMENTS--GENERAL INFORMATION
fixed length control field 001207s2001 enka b 001 0 eng
010 ## - LIBRARY OF CONGRESS CONTROL NUMBER
LC control number 00069054
020 ## - INTERNATIONAL STANDARD BOOK NUMBER
International Standard Book Number 0748409521 (hbk.)
020 ## - INTERNATIONAL STANDARD BOOK NUMBER
International Standard Book Number 074840953X (pbk.)
040 ## - CATALOGING SOURCE
Original cataloging agency DLC
Language of cataloging eng
Transcribing agency DLC
Modifying agency DLC
042 ## - AUTHENTICATION CODE
Authentication code pcc
050 00 - LIBRARY OF CONGRESS CALL NUMBER
Classification number TA166
Item number .K78 2001
082 00 - DEWEY DECIMAL CLASSIFICATION NUMBER
Classification number 620.82 KRO
Edition number 21
100 1# - MAIN ENTRY--PERSONAL NAME
Personal name Kroemer, K. H. E.,
Dates associated with a name 1933-
9 (RLIN) 3403
245 10 - TITLE STATEMENT
Title Office ergonomics /
Statement of responsibility, etc. Karl H.E. Kroemer and Anne D. Kroemer.
260 ## - PUBLICATION, DISTRIBUTION, ETC.
Place of publication, distribution, etc. London ;
-- New York :
Name of publisher, distributor, etc. Taylor & Francis,
Date of publication, distribution, etc. 2001.
300 ## - PHYSICAL DESCRIPTION
Extent x, 258 p. :
Other physical details ill. ;
Dimensions 24 cm.
500 ## - GENERAL NOTE
General note P.B
504 ## - BIBLIOGRAPHY, ETC. NOTE
Bibliography, etc. note Includes bibliographical references and index.
650 #0 - SUBJECT ADDED ENTRY--TOPICAL TERM
Topical term or geographic name entry element Human engineering.
9 (RLIN) 2301
650 #0 - SUBJECT ADDED ENTRY--TOPICAL TERM
Topical term or geographic name entry element Work environment.
9 (RLIN) 3404
700 1# - ADDED ENTRY--PERSONAL NAME
Personal name Kroemer, Anne D.
9 (RLIN) 3405
856 42 - ELECTRONIC LOCATION AND ACCESS
Materials specified Publisher description
Uniform Resource Identifier <a href="http://www.loc.gov/catdir/enhancements/fy0741/00069054-d.html">http://www.loc.gov/catdir/enhancements/fy0741/00069054-d.html</a>
906 ## - LOCAL DATA ELEMENT F, LDF (RLIN)
a 7
b cbc
c orignew
d 1
e ocip
f 20
g y-gencatlg
942 ## - ADDED ENTRY ELEMENTS (KOHA)
Source of classification or shelving scheme
Koha item type Book
Call number prefix IESE-1147
Holdings
Withdrawn status Lost status Source of classification or shelving scheme Damaged status Not for loan Collection code Permanent Location Current Location Shelving location Date acquired Total Checkouts Full call number Barcode Date last seen Price effective from Koha item type
            Institute of Environmental Science and Engineering (IESE) Institute of Environmental Science and Engineering (IESE) General Stacks 07/18/2017   620.82 KRO IESE-1147 07/18/2017 07/18/2017 Book
© 2023 Central Library, National University of Sciences and Technology. All Rights Reserved.